| 000 | 01085cas a2200157 4500 | ||
|---|---|---|---|
| 008 | 170427n eng u | ||
| 022 | _a00138266 | ||
| 035 | _a(Sirsi) a202632 | ||
| 050 | _ahttp://www.jstor.org/subject/britstud | ||
| 245 | _aThe English Historical Review | ||
| 260 | _aJSTOR | ||
| 310 | _aBi - annual | ||
| 362 | _aVol. 1 , No. 1 , 1886 - Vol. 126 , No. 523 , 2011 | ||
| 520 | _aTables of contents for recent issues of The English Historical Review are available at http://www3.oup.co.uk/enghis/contents/. Authorized users may be able to access the full text articles at this site. First published in 1886, The English Historical Review is the oldest journal of historical scholarship in the English-speaking world. It deals not only with British history, but with almost all aspects of European and world history since the classical era. It covers the history of the Americas, including the foreign policy of the USA and her role in the wider world (but excluding the domestic history of the USA since Independence). | ||
| 650 | _aBritish Studies | ||
| 999 |
_c5878 _d5878 |
||